|
|
|
|
| LEADER |
01010nam a2200265 a 4500 |
| 001 |
00024505 |
| 008 |
120215s2010 vraa 001 0 eng d |
| 020 |
|
|
|a 9780980576856 (pbk.)
|
| 020 |
|
|
|a 0980576857 (pbk.)
|
| 040 |
|
|
|a UKM
|c UKM
|d BTCTA
|d C#P
|d WIM
|d BD-DhAAL
|
| 082 |
0 |
4 |
|a 006.76
|2 22
|
| 100 |
1 |
|
|a Castledine, Earle.
|
| 245 |
1 |
0 |
|a JQuery :
|b novice to ninja /
|c Earle Castledine & Craig Sharkie.
|
| 250 |
|
|
|a 1st ed.
|
| 260 |
|
|
|a Collingwood, Vic. :
|b SitePoint,
|c 2010.
|
| 300 |
|
|
|a xxiv, 407 p. :
|b ill. ;
|c 23 cm.
|
| 500 |
|
|
|a Includes index.
|
| 541 |
|
|
|e 00024505
|
| 650 |
|
0 |
|a JavaScript (Computer program language)
|
| 650 |
|
0 |
|a Ajax (Web site development technology)
|
| 650 |
|
0 |
|a Web sites
|x Design.
|
| 700 |
1 |
|
|a Sharkie, Craig.
|
| 852 |
1 |
|
|a Ayesha Abed Library
|c General shelf.
|
| 999 |
|
|
|c 11893
|d 11893
|
| 952 |
|
|
|0 0
|1 0
|4 0
|6 006_760000000000000_CAS
|7 0
|9 19444
|a BRACUL
|b BRACUL
|c GEN
|d 2012-02-16
|e Trim Education
|g 4250.00
|l 11
|m 68
|o 006.76 CAS
|p 3010024505
|r 2025-03-18
|s 2025-03-18
|t 1
|w 2012-02-16
|y BK
|x Available
|